Mluvená francouzština pro vědecké a odborné pracovníky

Uložené v:
Podrobná bibliografia
Hlavný autor: Pravdová, Marie
Ďalší autori: Pravda, Miroslav, Rejtharová, Vlasta
Médium: Kniha
Jazyk:Czech
Vydavateľské údaje: Praha Academia 1985
Vydanie:2. oprav. vyd.
Tagy: Pridať tag
Žiadne tagy, Buďte prvý, kto otaguje tento záznam!

MARC

LEADER 00000nam a2200000 4500
001 c023141
005 20221220082010.2
041 0 |a cze 
044 |a CZ 
245 1 0 |a Mluvená francouzština pro vědecké a odborné pracovníky  |c Marie Pravdová, Miroslav Pravda, Vlasta Rejtharová 
250 |a 2. oprav. vyd. 
264 1 |a Praha  |b Academia  |c 1985 
300 |a 561 s. 
100 1 |a Pravdová, Marie 
700 1 |a Pravda, Miroslav 
700 1 |a Rejtharová, Vlasta